(LET) reviewer sa filipino / (Record no. 118245)
[ view plain ]
| 000 -LEADER | |
|---|---|
| fixed length control field | 00605nam a2200193Ia 4500 |
| 008 - FIXED-LENGTH DATA ELEMENTS--GENERAL INFORMATION | |
| fixed length control field | 140609s9999 xx 000 0 und d |
| 020 ## - INTERNATIONAL STANDARD BOOK NUMBER | |
| International Standard Book Number | 9789715845359 |
| 050 ## - LIBRARY OF CONGRESS CALL NUMBER | |
| Classification number | PL 6054 |
| Item number | .R436 2007 |
| 100 ## - MAIN ENTRY--PERSONAL NAME | |
| Personal name | Resuma, Vilma M. |
| 245 ## - TITLE STATEMENT | |
| Title | (LET) reviewer sa filipino / |
| Statement of responsibility, etc | Vilma M. Resuma |
| 260 ## - PUBLICATION, DISTRIBUTION, ETC. (IMPRINT) | |
| Place of publication, distribution, etc | Quezon City, Philippines : |
| Name of publisher, distributor, etc | C&E Publishing, Inc., |
| Date of publication, distribution, etc | c2007. |
| 300 ## - PHYSICAL DESCRIPTION | |
| Extent | 72 p. ; |
| Dimensions | 26 cm. |
| 440 ## - SERIES STATEMENT/ADDED ENTRY--TITLE | |
| Title | (Pagsusulit sa pagkuha ng lisensya para sa mga guro). |
| 500 ## - GENERAL NOTE | |
| General note | Includes bibliographical references. |
| 521 ## - TARGET AUDIENCE NOTE | |
| Target audience note | |
| 650 ## - SUBJECT ADDED ENTRY--TOPICAL TERM | |
| Topical term or geographic name as entry element | Teacher |
| General subdivision | Examinations. |
| 942 ## - ADDED ENTRY ELEMENTS (KOHA) | |
| Call number prefix | Local |
| Koha item type | Books |
| Withdrawn status | Lost status | Damaged status | Home library | Current library | Shelving location | Date acquired | Cost, normal purchase price | Total Checkouts | Full call number | Barcode | Date last seen | Price effective from | Koha item type |
|---|---|---|---|---|---|---|---|---|---|---|---|---|---|
| College Library | College Library | Filipiniana Section | 06/09/2014 | 88.00 | PL 6054 .R436 2007 | C18533 | 05/08/2018 | 06/09/2014 | Books |